Grow A Garden Stock - Statistics

General Stats
  • This quiz has been taken 115 times
  • The average score is 20 of 24
Answer Stats
Answer Tier Obtainable Multi-harvest Price % Correct
Carrot Common Yes No 10¢
100%
Strawberry Common Yes Yes 50¢
99%
Blueberry UnCommon Yes Yes 400¢
95%
Beanstalk Prismatic Yes Yes 10,000,000¢
89%
Orange Tulip UnCommon Yes No 600¢
89%
Tomato Rare Yes Yes 800¢
89%
Sugar Apple Prismatic Yes Yes 25,000,000¢
88%
Pumpkin Legendary Yes No 3,000¢
86%
Burning Bud Prismatic Yes Yes 40,000,000¢
84%
Bamboo Legendary Yes No 4,000¢
83%
Watermelon Legendary Yes No 2,500¢
83%
Pepper Divine Yes Yes 1,000,000¢
82%
Corn Rare Yes Yes 1,300¢
78%
Ember Lily Prismatic Yes Yes 15,000,000¢
78%
Giant Pinecone Prismatic Yes Yes 55,000,000¢
78%
Grape Divine Yes Yes 850,000¢
78%
Apple Legendary Yes Yes 3,250¢
77%
Daffodil Rare Yes No 1,000¢
77%
Cacao Divine Yes Yes 2,500,000¢
76%
Coconut Mythical Yes Yes 6,000¢
76%
Mushroom Divine Yes No 150,000¢
76%
Mango Mythical Yes Yes 100,000¢
73%
Dragon Fruit Mythical Yes Yes 50,000¢
72%
Cactus Mythical Yes Yes 15,000¢
67%
No matching quizzes found
Score Distribution
Percent of People with Each Score
Percentile by Number Answered
Your Score History
You have not taken this quiz